000
00247 a2200097 4500
001
52269
100
_a
Rafiquzzaman
245
_a
Introductory Functional Analysis with Applications
260
_a
New York
_b
John Wiley
_c
1984
090
_c
32911
_d
32911
942
_a
NUST-CAE
_c
M
_c
25460
999
_c
287342
_d
287342